Discrete Mathematical Stracture (Record no. 182601)

000 -LEADER
fixed length control field 00361nam a2200145Ia 4500
008 - FIXED-LENGTH DATA ELEMENTS--GENERAL INFORMATION
fixed length control field 220217s9999||||xx |||||||||||||| ||und||
020 ## - INTERNATIONAL STANDARD BOOK NUMBER
International Standard Book Number 9788172866877
082 ## - DEWEY DECIMAL CLASSIFICATION NUMBER
Classification number 510 DSC
100 ## - MAIN ENTRY--PERSONAL NAME
Personal name D.S.C
245 #0 - TITLE STATEMENT
Title Discrete Mathematical Stracture
250 ## - EDITION STATEMENT
Edition statement 4
260 ## - PUBLICATION, DISTRIBUTION, ETC.
Place of publication, distribution, etc. Prism book house
Name of publisher, distributor, etc. Bangalore
Date of publication, distribution, etc. 2011
300 ## - PHYSICAL DESCRIPTION
Extent 439
Other physical details 325
650 ## - SUBJECT ADDED ENTRY--TOPICAL TERM
Topical term or geographic name entry element MATHEMATICS

No items available.

Powered by Koha